=LDR 00000nam 2200000 4500 =001 INLIS000000000034501 =005 20130612140415 =008 ***********************************ind** =035 ##$$0010-061300000034501 =041 ##$$a ind =082 ##$$a 372.603 =090 ##$$a 372.603, Dar k =100 ##$$a Darmawan, Anky =245 ##$$a Kamus pintar bergambar, Lawan kata/ Anky Darmawan; Editor, Gartika Rahmasari,Agus Jakaria =260 ##$$a [20...] $b Bandung =300 ##$$a iv,36 hlm., Ilus., 25 cm =650 ##$$a Pendidikan Dasar - Lawan Kata =700 ##$$a Rahmasari, Gartika =850 ##$$a NBPNMAT